000 00922nam a2200229 a 4500
001 49783
003 BD-RjUL
005 20211209054729.0
008 500101s1958 pa 001 0 eng d
035 _a(BD-RjUL) 49903
040 _aDLC
_cSOI
_dEQO
_dBD-RjUL
_beng
041 _aeng
082 _223
_a342
_bBRF 1958
090 _aXF5231
_b.B7
100 1 _aBrohi, A. K.
_q(Allahbukhsh Karimbukhsh),
_d1915-1987.
_9149232
245 1 0 _aFundamental law of Pakistan :
_bbeing an exposition and a critical review of the juridical, political, and ideological implications of the Constitution of the Islamic Republic of Pakistan in the light of the basic principles of comparative constitutional jurisprudence /
_cby A. K. Brohi
260 _aKarachi :
_bDin Muhammadi Press,
_c1958
300 _axxviii, 1017 p. ;
_c27 cm
500 _aErrata slip inserted
650 0 _aConstitutional law
_zPakistan
_9141385
942 _2ddc
_cBK
999 _c49783
_d49783